| 000 | 00683nam a2200229Ia 4500 | ||
|---|---|---|---|
| 008 | 260428s9999 xx 000 0 und d | ||
| 020 | _a9789567684342 | ||
| 082 | _a342.25 V945c 2021 HNA | ||
| 100 |
_aBravo, Nicolás, editor _935800 |
||
| 100 |
_aSilva, Ana María, editor _935801 |
||
| 100 |
_avon Baer, Heinrich, editor _935585 |
||
| 245 | 0 | _aNueva constitución: descentralización con participación. | |
| 260 | _aFundación Chile Descentralizado Desarrollado | ||
| 260 | _bTemuco, Chile | ||
| 260 | _c2021 | ||
| 300 | _a53p. | ||
| 500 | _aHNA | ||
| 650 |
_aChile _9121 |
||
| 650 |
_aConstitución _92299 |
||
| 650 |
_aDescentralización _93722 |
||
| 942 |
_cLIBRO _2ddc |
||
| 999 |
_c20439 _d20439 |
||